|
|
|
|
| LEADER |
00000nam0a2200000 4500 |
| 001 |
369655 |
| 005 |
20231102012214.0 |
| 035 |
|
|
|a (RuTPU)RU\TPU\retro\27041
|
| 090 |
|
|
|a 369655
|
| 100 |
|
|
|a 20220530d1980 k y0rusy50 ca
|
| 101 |
0 |
|
|a rus
|
| 102 |
|
|
|a RU
|
| 105 |
|
|
|a a dm 001zy
|
| 200 |
1 |
|
|a Гранитная серия докембрия Таймыра и проблема палеолитологических реконструкций ультраметаморфических комплексов
|e автореферат диссертации на соискание ученой степени доктора геолого-минералогических наук
|e спец. 04.00.01
|f Л. В. Махлаев
|g Академия наук СССР, Сибирское отделение, Институт геологии и геофизики
|
| 210 |
|
|
|a Новосибирск
|c [Б. и.]
|d 1980
|
| 215 |
|
|
|a 63 с.
|c ил.
|
| 300 |
|
|
|a Защита сост. 11.11.1980 г.
|
| 320 |
|
|
|a Библиогр.: с. 61-63 (22 назв.)
|
| 606 |
|
|
|a Докембрий
|2 stltpush
|3 (RuTPU)RU\TPU\subj\67322
|9 83166
|
| 610 |
1 |
|
|a ультраметагеннные гранитные серии
|
| 610 |
1 |
|
|a геология
|
| 610 |
1 |
|
|a Таймыр
|
| 610 |
1 |
|
|a докембрийский складчатый пояс
|
| 610 |
1 |
|
|a магматиты
|
| 610 |
1 |
|
|a автохтонные гранитоиды
|
| 610 |
1 |
|
|a петрохимия
|
| 610 |
1 |
|
|a ультраметаморфизм
|
| 610 |
1 |
|
|a гранитообразование
|
| 610 |
1 |
|
|a минералы
|
| 610 |
1 |
|
|a структурное состояние
|
| 610 |
1 |
|
|a химизм
|
| 610 |
1 |
|
|a наследование
|
| 610 |
1 |
|
|a эволюция
|
| 610 |
1 |
|
|a изолитогенные гранитные ряды
|
| 610 |
1 |
|
|a ультраметаморфиты
|
| 610 |
1 |
|
|a палеолитологические реконструкции
|
| 610 |
1 |
|
|a авторефераты диссертаций
|
| 675 |
|
|
|a 551.71/.72(04)
|v 4
|
| 686 |
|
|
|a 04.00.01
|2 oksvnk
|
| 700 |
|
1 |
|a Махлаев
|b Л. В.
|g Лев Васильевич
|
| 712 |
0 |
2 |
|a Академия наук СССР
|b Сибирское отделение
|b Институт геологии и геофизики
|c (Новосибирск)
|c (1957-1990)
|2 stltpush
|3 (RuTPU)RU\TPU\col\128
|9 23211
|
| 801 |
|
1 |
|a RU
|b 63413507
|c 20220530
|
| 942 |
|
|
|c BK
|